00206nam a2200097 a 4500008004100000050001500041100001800056245001600074260000900090350000900099120416s1980 xx |||||||||||||| || u aTD 461 Ozo aPastier, John10aCesar Pelli c1980 a0.00